000 02539nam0a2200409 i 4500
001 RU\NLR\BIBL_A\010904505
005 20260405111549.0
010 _a9785917022031
_9200
021 _aRU
_b2015-84196
_95147
035 _a(NILC)RuMoRGB-008055841
035 _a(NLR Aleph) 010904505
090 _a10607217
_c10607217
100 _a20151120d2015 k y0rusy50 ca
101 0 _arus
_aeng
102 _aRU
_aRU
105 _aa|||z|||000yy
200 1 _aИнтеграция психиатрической помощи в первичное звено здравоохранения
_dIntegration of psychiatric care in the primary healthcare system
_eматериалы VI Баренц-конференции по психиатрии, 6-7 октября 2015 г.
_f[редкол.: ... Е.А. Андреева (отв. ред.) и др.]
_zeng
210 _aАрхангельск
_cСеверный государственный медицинский университет
_d2015
215 _a188 с.
_cил.
_d29
300 _aВ надзаг.: М-во здравоохранения Рос. Федерации, М-во здравоохранения Архангел. обл., Гос. бюджет. образоват. учреждение высш. проф. образования "Сев. гос. мед. ун-т", Ун-т г. Тромсё (Норвегия)
300 _aТекст рус., англ.
320 _aБиблиогр. в конце ст.
510 1 _aIntegration of psychiatric care in the primary healthcare system
_zeng
606 _aПсихоневрологическая помощь
_jСъезды, совещания и т.п
_9931158
_3RU\NLR\AUTH\6624306
606 _aПсихиатрия
_jСъезды, совещания и т.п
_9906850
_3RU\NLR\AUTH\6610771
675 _a616.89
686 1 _aР11(2)286.1я431(2)
686 1 _aР64я431(2)
702 1 _4340
_8rus
_7ca
_aАндреева
_bЕ. А.
_cканд. мед. наук, внутр. болезни
_gЕлена Александровна
_3RU\NLR\AUTH\7742509
_925453
711 1 2 _aБаренц-конференция по психиатрии
_d6
_eАрхангельск
_f2015
_9493334
_3RU\NLR\AUTH\880414063
801 0 _aRU
_bРГБ
_c20151029
_gRCR
801 2 _aRU
_bРГБ
_c20151103
_grcr
942 _cBOOK
980 _aNBR